| 000 | 01095nas a2200361 4500 | ||
|---|---|---|---|
| 001 | BR0104784 | ||
| 003 | BR-BrBNA | ||
| 005 | 20231205102443.0 | ||
| 007 | ta | ||
| 008 | 230509b bl.|||p| |||| 00| 00por d | ||
| 040 |
_aBR-BrBNA _bpor _cBiblioteca Nacional de Agricultura |
||
| 041 | _a(Pt) | ||
| 072 | _aL02; L52 | ||
| 100 | 1 | _aSilva, C.A. da | |
| 100 | 1 | _aKronka, R.N. | |
| 100 | 1 | _aThomaz, M.C. | |
| 100 | 1 | _aKronka, S.N. | |
| 100 | 1 | _aSoto, W.C. | |
| 100 | 1 | _aCarvalho, L.E. de | |
| 245 | 1 | _aUtilizacao de dietas umidas e de racoes e agua de bebida com edulcorante para leitoes desmamados aos 21 dias de idade e efeitos sobre o desenvolvimento histologico e enzimaticos intestinal | |
| 650 | _aLeitao | ||
| 650 | _aDieta | ||
| 650 | _aDesmama | ||
| 650 | _aRacao | ||
| 650 | _aIdade | ||
| 650 | _aAdocante | ||
| 650 | _aEnzima | ||
| 650 | _aAgua | ||
| 650 | _aIntestino | ||
| 773 | 0 |
_tRevista Brasileira de Zootecnia (Brazil) _xISSN 1516-3598 _g(May-Jun 2001), v. 30(3) p. 794-801 _wBR0104784 |
|
| 909 |
_a202311 _bLúcia _c55 _dLúcia Elande |
||
| 942 |
_2AGRIS _n0 _cANA |
||
| 999 |
_c167661 _d167661 |
||